Itemised scale of professional charges for quantity surveying services for building work (Record no. 105289)

MARC details
000 -LEADER
fixed length control field 00662cam a2200193 4500
001 - CONTROL NUMBER
control field ##L132947
008 - FIXED-LENGTH DATA ELEMENTS--GENERAL INFORMATION
fixed length control field 060324n1969 000 0 eng u
035 ## - SYSTEM CONTROL NUMBER
System control number (Sirsi) u132947
041 0# - LANGUAGE CODE
Language code of text/sound track or separate title eng
050 04 - LIBRARY OF CONGRESS CALL NUMBER
Classification number 331.2166 $2 18
110 2# - MAIN ENTRY--CORPORATE NAME
Corporate name or jurisdiction name as entry element Incorporated Association of Architects and Surveyors
9 (RLIN) 4913
245 00 - TITLE STATEMENT
Title Itemised scale of professional charges for quantity surveying services for building work
260 ## - PUBLICATION, DISTRIBUTION, ETC.
Place of publication, distribution, etc. S.l.[s.n.]
Date of publication, distribution, etc. 1969
300 ## - PHYSICAL DESCRIPTION
Extent 5p.
Dimensions 21cm.
350 ## - PRICE (NR) (BK AM CF MU VM SE) [OBSOLETE]
Price 2s. 6d.
490 #0 - SERIES STATEMENT
Series statement Incorporated Association of Architects and Surveyors Fee Scale
Volume/sequential designation 36
690 ## - LOCAL SUBJECT ADDED ENTRY--TOPICAL TERM (OCLC, RLIN)
Topical term or geographic name as entry element BUILT ENVIRONMENT-QUANTITY SURVEYING-CONSTRUCTION COST MANAGEMENT
942 ## - ADDED ENTRY ELEMENTS (KOHA)
Suppress in OPAC 0
Holdings
Withdrawn status Lost status Source of classification or shelving scheme Damaged status Not for loan Home library Current library Shelving location Date acquired Total Checkouts Full call number Barcode Date last seen Copy number Price effective from Koha item type
    Dewey Decimal Classification     London London RICS Boxes 24/03/2006   ISVA/75 132947-1001 06/08/2019 1 06/08/2019 Reference material